Statistics for World Map Without 30 Random Countries

Click here to take the quiz!

General Stats

  • This quiz has been taken 144 times
  • The average score is 26 of 30

Answers on the Map

Answers color-coded by a green-red scale on the quiz's map according to % correct below.
 

Answer Stats

Country% Correct
Angola
100%
Argentina
100%
Australia
100%
Bangladesh
100%
Belarus
100%
Belgium
100%
Bolivia
100%
Bosnia and Herzegovina
100%
Brazil
100%
Cameroon
100%
Canada
100%
Chad
100%
China
100%
Colombia
100%
Croatia
100%
Cuba
100%
Denmark
100%
DR Congo
100%
Ecuador
100%
Egypt
100%
Eritrea
100%
Ethiopia
100%
France
100%
FS Micronesia
100%
Germany
100%
Guyana
100%
Haiti
100%
Hungary
100%
India
100%
Iran
100%
Italy
100%
Ivory Coast
100%
Kenya
100%
Kiribati
100%
Laos
100%
Liberia
100%
Libya
100%
Lithuania
100%
Madagascar
100%
Malaysia
100%
Maldives
100%
Mali
100%
Mexico
100%
Moldova
100%
Mongolia
100%
Morocco
100%
Myanmar
100%
Namibia
100%
Nepal
100%
Netherlands
100%
Nigeria
100%
North Macedonia
100%
Norway
100%
Pakistan
100%
Paraguay
100%
Philippines
100%
Portugal
100%
Russia
100%
Saudi Arabia
100%
Senegal
100%
Serbia
100%
Slovakia
100%
South Africa
100%
South Sudan
100%
Sri Lanka
100%
Sudan
100%
Suriname
100%
Sweden
100%
Tajikistan
100%
Thailand
100%
Turkmenistan
100%
Ukraine
100%
United Kingdom
100%
United States
100%
Uruguay
100%
Venezuela
100%
Yemen
100%
Papua New Guinea
93%
Ghana
91%
Indonesia
91%
Fiji
90%
Finland
90%
Georgia
90%
Honduras
90%
Iraq
90%
Mozambique
90%
Peru
90%
Somalia
90%
Tunisia
90%
Bulgaria
89%
Chile
89%
Kosovo
89%
Latvia
89%
Oman
89%
Slovenia
89%
Syria
89%
Afghanistan
88%
Dominican Republic
88%
Guatemala
88%
Guinea
88%
Ireland
88%
Japan
88%
Jordan
88%
Kyrgyzstan
88%
Mauritius
88%
New Zealand
88%
Niger
88%
Sierra Leone
88%
Spain
88%
Tanzania
88%
Azerbaijan
86%
Botswana
86%
Gabon
86%
Greece
86%
Kazakhstan
86%
Mauritania
86%
Panama
86%
Uzbekistan
86%
Rwanda
85%
Costa Rica
83%
Eswatini
83%
Poland
83%
Taiwan
83%
Turkey
83%
Uganda
83%
Vietnam
83%
Burundi
80%
Central African Republic
80%
Guinea-Bissau
80%
North Korea
80%
Palau
80%
Solomon Islands
80%
South Korea
80%
Switzerland
80%
Zimbabwe
80%
Burkina Faso
78%
Zambia
78%
Armenia
75%
Austria
75%
Bahamas
75%
Cambodia
75%
Czech Republic
75%
Estonia
75%
Iceland
75%
Lesotho
75%
Nicaragua
75%
Sao Tome and Principe
75%
Togo
75%
Algeria
71%
United Arab Emirates
70%
Belize
67%
Cape Verde
67%
Equatorial Guinea
67%
Malawi
67%
Nauru
67%
Republic of the Congo
67%
El Salvador
64%
Malta
64%
Marshall Islands
63%
Romania
63%
Benin
60%
Israel
60%
Samoa
57%
Kuwait
56%
Seychelles
56%
Tuvalu
56%
Comoros
50%
Jamaica
50%
Vanuatu
50%
Albania
43%
Tonga
25%

Score Distribution

Percentile by Number Answered

Percent of People with Each Score

Your Score History

You have not taken this quiz